000 00632nam a22002297a 4500
003 BPGM
005 20260701203456.0
008 260701b2004 mx o|||| |||| 00| 0 spa d
020 _aSIN ISBN
040 _aBPGM
_bspa
041 _aspa
_hspa
082 0 4 _a351.05 /
_bI43F
100 _aGARRIDO, PACO
245 _aPRIMER INFORME DE GOBIERNO
_bQUERETARO ES MEJOR
300 _a115 páginas
_c29 cm x 22.3 cm
336 _2rdacontent
_atexto
_btxt
337 _2rdamedia
_asin mediación
_bn
338 _2rdacarrier
_avolumen
_bnc
650 _aCIENCIAS SOCIALES
650 _aADMINISTRACIÓN PÚBLICA
942 _2ddc
_cCOLQ
999 _c68737
_d68737